| 000 | 01666 a2200241 4500 | ||
|---|---|---|---|
| 001 | 45493 | ||
| 005 | 20260407155727.0 | ||
| 008 | 260407a1986 arg spa d | ||
| 003 | AR-UNSa-BCEJYS | ||
| 040 |
_aAR-UNSa-BCEJYS _bspa _cAR-UNSa-BCEJYS |
||
| 080 |
_a330.34 _xDesarrollo Económico |
||
| 245 | 1 | 0 | _aPioneros del desarrollo |
| 020 | _a84-309-1273-8 | ||
| 264 | 1 |
_aMadrid : _bTecnos _c1986 |
|
| 300 |
_a367 p. _c23 cm. |
||
| 505 | _a1. Remembranza de estudios pasados : volviendo sobre los primeros pasos / Lord Bauer – 2. Economía del desarrollo : Los primeros años / Colin Clark – 3. Confesión de un disidente : Nueva visita a la << estrategia del desarrollo económico>> / Albert O. Hirschman – 4. La economía del desarrollo en los años de 1950 / Sir Arthur Lewis – 5. La desigualdad internacional y la ayuda extranjera en retrospectiva / Gunnar Myrdal – 6. Cinco etapas en mi pensamientos sobre el desarrollo / Raúl Prebisch – 7. Natura facit saltum : Análisis del proceso de crecimiento en desequilibrio / Paul N. Rosenstein-Rodan – 8. Desarrollo : la economía política del periodo largo marshalliano / Walt Whitman Rostow – 9. La controversia de la relación de intercambio y la evolución del financiamiento en condiciones concesionarias : Los primeros años de la ONU / H. W. Singer – 10. La cooperación en el desarrollo como proceso de aprendizaje / Jan Timbergen. | ||
| 041 | _aspa | ||
| 942 | _cBK | ||
| 590 | _aniveau_biblio:m niveau_hierar:0 | ||
| 100 | 1 | _aSeers, Dudley | |
| 700 | 1 | _aMeier, Gerald M. | |
| 856 | 4 | 1 |
_uhttps://www.biblioeco.unsa.edu.ar/pmb/images/libros/L127126.jpg _yImagen de portada _qimage/jpeg |
| 999 |
_c3946 _d3946 |
||